Marketing orientovaný na seniorov
Posúdenie úskalí segmentácie kategórie seniorov na báze chronologického a kognitívneho veku a analýza zmien v hodnotovom systéme staršej populácie a ich dopad na spotrebiteľské správanie.
Saved in:
| Main Author: | |
|---|---|
| Format: | Book Chapter |
| Language: | Slovak |
| Subjects: | |
| Tags: |
No Tags, Be the first to tag this record!
|
MARC
| LEADER | 00000naa a2200000 4500 | ||
|---|---|---|---|
| 001 | 0173925 | ||
| 005 | 20240502072950.7 | ||
| 041 | 0 | |a slo | |
| 044 | |a SK | ||
| 245 | 1 | 0 | |a Marketing orientovaný na seniorov |c Dagmar Lesáková |
| 520 | |a Posúdenie úskalí segmentácie kategórie seniorov na báze chronologického a kognitívneho veku a analýza zmien v hodnotovom systéme staršej populácie a ich dopad na spotrebiteľské správanie. | ||
| 610 | 2 | 0 | |a seniori |
| 610 | 2 | 0 | |a marketing |
| 610 | 2 | 0 | |a správanie spotrebiteľa |
| 610 | 2 | 0 | |a starnutie populácie |
| 610 | 2 | 0 | |a štýl životný |
| 100 | 1 | |a Lesáková, Dagmar, 1949- | |